00819nam a2200181Ia 4500003000900000008004100009020001800050040001600068080002400084111007200108245026100180260004800441300001400489490004000503650004900543700002300592700002200615IN-BaIIA211028s9999 xx 000 0 eng d a0-521-59065-5 cIIA Library a524.834(082.1)bREL aLes Houches School of PhysicscHaute Savoied1995 Sept. 26 - Oct. 6 0aRelativistic gravitation and gravitational radiationbproceedings of the Les Houches school of physics held in Les Houches, Haute Savoie, 26 September - 6 October 1995cedited by J. A. Marck and J. P. Lasota  aCambridgebCambridge University Pressc1997 axv, 475p. aCambridge contemporary astrophysics aGravitation, Radiation, Relativistic gravity aLasota, J. P., ed. aMarck, J. A., ed.